| 000 | 00841cab a2200229 4500 | ||
|---|---|---|---|
| 001 | WB2539-39 | ||
| 008 | 090401t1989 xxu||||| |||| 00| 0 eng d | ||
| 035 | _a(Sirsi) u58387 | ||
| 041 | _aeng | ||
| 245 | _aPrivate potholes | ||
| 260 | _c1989 | ||
| 350 | _a0 | ||
| 490 |
_aSunday Correspondent _v1/10/89 p7 |
||
| 490 |
_aTimes _v3/10/89 p9(2) |
||
| 520 | _aPrivate companies are increasingly being viewed by Government as the solution to many of Britain`s transport problems as shown by a new road planned to connect M8 and M74 to link England and Scotland which could be the first road with electronic toll barriers. | ||
| 650 | _aFINANCE | ||
| 650 | _aPROPERTY-INFRASTRUCTURE-TRANSPORT INFRASTRUCTURE-ROAD INFRASTRUCTURE | ||
| 650 | _aTOLL ROAD | ||
| 690 | _aTRANSPORT AND COMMUNICATIONS | ||
| 942 | _n0 | ||
| 948 | _c04/03/1997 | ||
| 999 |
_c35638 _d35638 |
||